Les vainqueurs français en Formule 1 - Statistiques

Statistiques générales
  • Ce quiz a été pris 256 fois
  • Le résultat moyen est 7 sur 14
Statistiques - réponses
Nombre de victoires Pilote % Correct
51 Prost
97%
1 Ocon
95%
1 Gasly
94%
1 Alesi
65%
1 Panis
63%
7 Arnoux
47%
6 Laffite
45%
2 Jabouille
43%
3 Pironi
38%
2 Trintignant
35%
1 Cevert
34%
2 Depailler
27%
2 Tambay
27%
1 Beltoise
25%
Aucun quiz correspondant
Distribution des résultats
% des personnes avec chaque résultat
Percentile par nombre de réponses
Votre historique - résultats
Vous n’avez pas pris ce quiz